000 00714nas a2200241 4500
001 BR8403000
003 BR-BrBNA
005 20231205085933.0
007 ta
008 230509b bl.|||p| |||| 00| 00por d
040 _aBR-BrBNA
_bpor
_cBiblioteca Nacional de Agricultura
041 _a(Pt)
072 _aH60
100 1 _aRuedell, J.
245 1 _aAvaliacao da eficiencia de capinadeiras no controle de plantas daninhas em soja [Glycine max]
650 _aERVA DANINHA
650 _aCAPINA
650 _aSOJA
650 _aCAPINEIRA
773 0 _tTrigo e Soja (Brazil)
_xISSN 0100-5456
_g(Sep-Oct 1984), (no. 75) p. 18-22
_wBR8403000
909 _a202311
_bLúcia
_c55
_dLúcia Elande
942 _2AGRIS
_n0
_cANA
999 _c114940
_d114940